[Event "ICS rated blitz match"]
[Site "204.178.125.65"]
[Date "2000.10.11"]
[Round "?"]
[White "did"]
[Black "Hossa"]
[Result "1/2-1/2"]
[WhiteElo "2606"]
[BlackElo "2557"]
[PlyCount "240"]
[EventDate "2000.??.??"]

1. d4 d5 2. c4 e6 3. Nc3 Nf6 4. Bg5 Be7 5. e3 O-O 6. Nf3 Nbd7 7. Rc1 c6 8. Bd3
dxc4 9. Bxc4 Nd5 10. Bxe7 Qxe7 11. O-O Nxc3 12. Rxc3 e5 13. Qc2 exd4 14. exd4
Nb6 15. Re3 Qd8 16. Bb3 Nd5 17. Re5 f6 18. Bxd5+ cxd5 19. Re3 Bg4 20. Nd2 Re8
21. Rxe8+ Qxe8 22. Qc7 Qd7 23. Rc1 Rc8 24. Qxc8+ Qxc8 25. Rxc8+ Bxc8 26. f3 Bf5
27. Kf2 Kf7 28. Ke3 Ke6 29. Nf1 Bb1 30. a3 g5 31. Ng3 f5 32. Kd2 Ba2 33. f4 h6
34. Kc2 Bc4 35. b3 Bb5 36. a4 Bc6 37. fxg5 hxg5 38. Ne2 f4 39. Kd2 Be8 40. Ng1
g4 41. Ne2 Kf5 42. Nc3 Bc6 43. b4 b6 44. b5 Bb7 45. Ke1 Ke6 46. Ne2 Kf5 47. Nc3
Ke6 48. Kf2 Bc8 49. h3 gxh3 50. gxh3 Kd6 51. h4 Bg4 52. Ne2 Bh5 53. Nxf4 Bd1
54. h5 Bxa4 55. h6 Bc2 56. Ke2 Ke7 57. Nxd5+ Kf7 58. Kd2 Bf5 59. Kc3 Bd7 60. h7
Kg7 61. Kb4 Bf5 62. Nf6 Bd3 63. d5 a5+ 64. bxa6 Bxa6 65. d6 Bc8 66. Kb5 Bf5 67.
Kxb6 Kh8 68. Kc7 Be6 69. d7 Bxd7 70. Kxd7 Kg7 71. Ke6 Kh8 72. Kd6 Kg7 73. Ke6
Kh8 74. Kd7 Kg7 75. Ke8 Kh8 76. Kd8 Kg7 77. Kc8 Kh8 78. Kc7 Kg7 79. Kd7 Kh8 80.
Kc7 Kg7 81. Kd7 Kh8 82. Kd6 Kg7 83. Ke5 Kh8 84. Kf5 Kg7 85. Kf4 Kh8 86. Ke5 Kg7
87. Kf5 Kh8 88. Ke5 Kg7 89. Kf5 Kh8 90. Kg4 Kg7 91. Kg5 Kh8 92. Kh5 Kg7 93. Kh4
Kh8 94. Kg3 Kg7 95. Kg4 Kh8 96. Kg5 Kg7 97. Kg4 Kh8 98. Kg5 Kg7 99. Kh4 Kh8
100. Kg3 Kg7 101. Kf4 Kh8 102. Kf5 Kg7 103. Kg5 Kh8 104. Kh4 Kg7 105. Kg3 Kh8
106. Kf4 Kg7 107. Ke4 Kh8 108. Kf3 Kg7 109. Ke3 Kh8 110. Ke4 Kg7 111. Ke3 Kh8
112. Kf4 Kg7 113. Ke4 Kh8 114. Kf3 Kg7 115. Kg2 Kh8 116. Kf2 Kg7 117. Kf3 Kh8
118. Kg2 Kg7 119. Kg3 Kh8 120. Kf4 Kg7 {Game drawn by repetition} 1/2-1/2

[Event "ICS rated standard match"]
[Site "204.178.125.65"]
[Date "2000.10.11"]
[Round "?"]
[White "Hossa"]
[Black "nitmo"]
[Result "1-0"]
[WhiteElo "2455"]
[BlackElo "1962"]
[PlyCount "51"]
[EventDate "2000.??.??"]

1. e4 e5 2. Nf3 Nc6 3. Bb5 Nd4 4. Nxd4 exd4 5. O-O c6 6. Bc4 Nf6 7. e5 d5 8.
Be2 Ng8 9. d3 f6 10. Bg4 Bxg4 11. Qxg4 fxe5 12. Qh5+ Kd7 13. Qxe5 Nf6 14. Qxd4
Bd6 15. Nc3 Qc7 16. Qh4 Raf8 17. Qh3+ Kd8 18. Re1 h6 19. Be3 g5 20. Bd4 h5 21.
Kh1 h4 22. Qe6 Rh6 23. Bxa7 Bxh2 24. Bb6 Qxb6 25. Qe7+ Kc8 26. Qxf8+ {
nitmo resigns} 1-0

[Event "ICS rated standard match"]
[Site "204.178.125.65"]
[Date "2000.10.11"]
[Round "?"]
[White "nitmo"]
[Black "Hossa"]
[Result "1-0"]
[WhiteElo "1960"]
[BlackElo "2457"]
[PlyCount "127"]
[EventDate "2000.??.??"]

1. e4 e5 2. Nf3 Nc6 3. Bc4 Nf6 4. Ng5 d5 5. exd5 Na5 6. Bb5+ c6 7. dxc6 bxc6 8.
Qf3 Rb8 9. Be2 Bc5 10. Nc3 O-O 11. Nce4 Nxe4 12. Nxe4 Bd4 13. c3 Bb6 14. b4 Nb7
15. O-O Qd5 16. c4 Qd8 17. c5 Bc7 18. Bc4 Qd4 19. d3 Qxa1 20. Qg3 Kh8 21. Bh6
Qxf1+ 22. Kxf1 gxh6 23. Qh4 f6 24. Qxh6 Bf5 25. Ng3 Bg6 26. h4 a5 27. h5 Rg8
28. Bxg8 Bxd3+ 29. Ke1 Kxg8 30. Qxf6 Rf8 31. Qxc6 Nd8 32. Qxc7 axb4 33. Qxe5
Bb5 34. Qg5+ Kh8 35. h6 Re8+ 36. Kd2 Ne6 37. Qe5+ Kg8 38. Nh5 Rd8+ 39. Kc1 Bc4
40. Nf6+ Kf7 41. Nxh7 Bxa2 42. Qf6+ Ke8 43. Ng5 Nxg5 44. Qxg5 Rd5 45. Qxd5 Bxd5
46. h7 Bxg2 47. h8=Q+ Kf7 48. Qh5+ Kf6 49. Qh4+ Kf5 50. Qxb4 Bc6 51. Qb6 Bd5
52. c6 Be6 53. c7 Bc8 54. Qb8 Bd7 55. c8=Q Bxc8 56. Qxc8+ Kf6 57. Kd2 Kg6 58.
Ke3 Kf7 59. Qc6 Kg7 60. Kf4 Kh7 61. Kg5 Kg8 62. Qb7 Kh8 63. Kf6 Kg8 64. Qg7# {
Hossa checkmated} 1-0

[Event "ICS rated standard match"]
[Site "204.178.125.65"]
[Date "2000.10.11"]
[Round "?"]
[White "Hossa"]
[Black "nitmo"]
[Result "1-0"]
[WhiteElo "2427"]
[BlackElo "1990"]
[PlyCount "34"]
[EventDate "2000.??.??"]

1. e4 e5 2. Nf3 Nc6 3. Bb5 Nd4 4. Nxd4 exd4 5. O-O c6 6. Bc4 Nf6 7. e5 d5 8.
Be2 Nd7 9. f4 d3 10. Bxd3 Bc5+ 11. Kh1 Qh4 12. g3 Qh3 13. Be2 h5 14. d4 Nf6 15.
exf6 h4 16. g4 gxf6 17. dxc5 Rg8 {nitmo resigns} 1-0

[Event "ICS rated standard match"]
[Site "204.178.125.65"]
[Date "2000.10.11"]
[Round "?"]
[White "nitmo"]
[Black "Hossa"]
[Result "0-1"]
[WhiteElo "1988"]
[BlackElo "2429"]
[PlyCount "54"]
[EventDate "2000.??.??"]

1. e4 e6 2. d4 d6 3. f4 d5 4. e5 c5 5. c3 cxd4 6. cxd4 Nc6 7. Nf3 Nh6 8. Nc3
Nf5 9. Bb5 a6 10. Bxc6+ bxc6 11. O-O c5 12. Kh1 Bd7 13. g4 Nxd4 14. Nxd4 cxd4
15. Qxd4 Rc8 16. f5 Bc5 17. Qd1 Bc6 18. fxe6 d4+ 19. Rf3 dxc3 20. exf7+ Kf8 21.
Qe2 Qd4 22. Be3 Qxe3 23. Qxe3 Bxe3 24. Kg2 c2 25. e6 c1=Q 26. Rxc1 Bxc1 27. Kg3
Bxf3 {nitmo resigns} 0-1

[Event "ICS rated blitz match"]
[Site "204.178.125.65"]
[Date "2000.10.11"]
[Round "?"]
[White "Hossa"]
[Black "counterplay"]
[Result "0-1"]
[WhiteElo "2559"]
[BlackElo "2839"]
[PlyCount "148"]
[EventDate "2000.??.??"]

1. e4 c5 2. Nf3 e6 3. d4 cxd4 4. Nxd4 Nc6 5. Nc3 Qc7 6. Be3 a6 7. Be2 Nf6 8.
O-O Be7 9. Nxc6 dxc6 10. Qd4 e5 11. Qb6 Qxb6 12. Bxb6 Be6 13. Bc7 Nd7 14. Rfd1
O-O 15. Bc4 Bxc4 16. Rxd7 Bf6 17. Bb6 Rfb8 18. Rad1 Be6 19. R7d3 Bc4 20. R3d2
Bg5 21. Rd7 Be6 22. R7d3 Re8 23. h3 f5 24. Kh1 g6 25. Kg1 Be7 26. a3 a5 27. Kh2
a4 28. exf5 gxf5 29. Kg3 e4 30. Re3 Kf7 31. Kf4 h6 32. Ree1 Rg8 33. g3 Ra6 34.
Bc7 Bg5+ 35. Ke5 Rc8 36. Nxe4 fxe4 37. Bd6 Rd8 38. Bc7 Rxd1 39. Rxd1 Bf6+ 40.
Kxe4 Bxb2 41. Bd6 Bxh3 42. f4 Ra5 43. Re1 Rd5 44. Bb4 Bf5+ 45. Ke3 c5 46. Ba5
Bxc2 47. Re2 Rd3+ 48. Kf2 Bd4+ 49. Kg2 Bd1 50. Ra2 Bf3+ 51. Kh3 Rd1 52. g4 Rg1
53. Bc7 Bxg4+ 54. Kh2 Be6 55. Rc2 Ra1 56. Bd6 Bg1+ 57. Kg3 Rxa3+ 58. Kg2 Bf5
59. Rb2 Rb3 60. Ra2 a3 61. Kxg1 Rb1+ 62. Kf2 Rb2+ 63. Ke3 Rxa2 64. Bxc5 h5 65.
Bd6 h4 66. Kd4 Rd2+ 67. Ke5 Rxd6 68. Kxd6 h3 69. Ke5 h2 70. Kd4 h1=Q 71. Kc4 a2
72. Kc5 a1=Q 73. Kc4 Qa4+ 74. Kc5 Qhc6# {Hossa checkmated} 0-1

[Event "ICS rated blitz match"]
[Site "204.178.125.65"]
[Date "2000.10.11"]
[Round "?"]
[White "Hossa"]
[Black "brutus"]
[Result "1-0"]
[WhiteElo "2555"]
[BlackElo "2154"]
[PlyCount "68"]
[EventDate "2000.??.??"]

1. e4 e6 2. d4 d5 3. Nc3 Nf6 4. Bd3 Bb4 5. e5 Nfd7 6. Qg4 Kf8 7. Bg5 Be7 8.
Bxe7+ Qxe7 9. Nf3 a6 10. Qh5 h6 11. O-O-O c5 12. dxc5 Nxc5 13. Qg4 Nc6 14. Rhe1
b5 15. Ne2 Bd7 16. Nf4 b4 17. h4 a5 18. Bb5 a4 19. Nh5 Rg8 20. Bxc6 Bxc6 21.
Nd4 Bd7 22. Nf4 g6 23. Nfe2 Kg7 24. Ng3 Kh7 25. Kd2 Rgc8 26. h5 b3 27. cxb3
axb3 28. hxg6+ fxg6 29. axb3 Rab8 30. Re3 Rb4 31. Nge2 Rcb8 32. Qh3 Ne4+ 33.
Ke1 Kg7 34. Nf4 Qc5 {brutus resigns} 1-0

[Event "ICS rated blitz match"]
[Site "204.178.125.65"]
[Date "2000.10.11"]
[Round "?"]
[White "brutus"]
[Black "Hossa"]
[Result "0-1"]
[WhiteElo "2151"]
[BlackElo "2558"]
[PlyCount "54"]
[EventDate "2000.??.??"]

1. e4 c5 2. Nf3 e6 3. d4 cxd4 4. Nxd4 Nc6 5. Nc3 Qc7 6. Be3 a6 7. Qd2 Nf6 8. f3
d5 9. exd5 Nxd5 10. Nxd5 exd5 11. Bd3 Ne5 12. O-O Nxd3 13. Qxd3 Bd6 14. h3 O-O
15. c3 Bh2+ 16. Kh1 Be5 17. Rad1 Re8 18. Rfe1 Bd7 19. Nc2 Bg3 20. Re2 Bb5 21.
Qd2 Bxe2 22. Qxe2 Qb6 23. Nd4 Bf4 24. Rd3 Bxe3 25. Rxe3 Rxe3 26. Qxe3 Qxb2 27.
Nf5 Qb1+ {brutus resigns} 0-1

[Event "ICS rated blitz match"]
[Site "204.178.125.65"]
[Date "2000.10.11"]
[Round "?"]
[White "Hossa"]
[Black "brutus"]
[Result "1-0"]
[WhiteElo "2561"]
[BlackElo "2148"]
[PlyCount "83"]
[EventDate "2000.??.??"]

1. e4 e6 2. d4 d5 3. Nc3 Nf6 4. Bd3 dxe4 5. Nxe4 Nxe4 6. Bxe4 Nd7 7. Nf3 Nf6 8.
Bd3 Bd6 9. O-O O-O 10. c3 b6 11. Ne5 Bb7 12. Nc4 Be7 13. Bf4 c5 14. dxc5 Bxc5
15. Qe2 Nd5 16. Bg3 Qf6 17. Qh5 g6 18. Qh6 Qg7 19. Qxg7+ Kxg7 20. b4 Be7 21.
Bd6 Ba6 22. Bxe7 Nxe7 23. Rfd1 Rfd8 24. Nd6 Bxd3 25. Rxd3 Nd5 26. Ne4 Rd7 27.
c4 Nf6 28. Rxd7 Nxd7 29. Rd1 Nf6 30. Nd6 Kf8 31. c5 bxc5 32. bxc5 Nd5 33. Rb1
Ne7 34. Rb7 a5 35. f3 Ra6 36. Rb8+ Kg7 37. Rb6 Rxb6 38. cxb6 Nc6 39. b7 Kf8 40.
a4 Ke7 41. Nc4 Kd7 42. Ne5+ {brutus resigns} 1-0

[Event "ICS rated blitz match"]
[Site "204.178.125.65"]
[Date "2000.10.11"]
[Round "?"]
[White "cfd"]
[Black "Hossa"]
[Result "0-1"]
[WhiteElo "2256"]
[BlackElo "2564"]
[PlyCount "48"]
[EventDate "2000.??.??"]

1. d4 d5 2. e3 Nf6 3. Bd3 c5 4. c3 c4 5. Bc2 Nc6 6. f4 Bg4 7. Nf3 Qd7 8. O-O e6
9. Nbd2 Be7 10. h3 Bh5 11. g4 Bg6 12. g5 Bxc2 13. Qxc2 Nh5 14. Ne5 Nxe5 15.
dxe5 Bc5 16. Rf3 Nxf4 17. Kh2 Nd3 18. e4 Ne1 19. Qd1 Nxf3+ 20. Qxf3 Qc7 21. Qf4
O-O-O 22. exd5 exd5 23. Nf3 Kb8 24. Nd4 Rde8 {cfd resigns} 0-1

[Event "ICS rated standard match"]
[Site "204.178.125.65"]
[Date "2000.10.11"]
[Round "?"]
[White "nitmo"]
[Black "Hossa"]
[Result "0-1"]
[WhiteElo "1996"]
[BlackElo "2431"]
[PlyCount "46"]
[EventDate "2000.??.??"]

1. e4 e5 2. Nf3 Nc6 3. Bc4 Nf6 4. Ng5 d5 5. exd5 Nd4 6. d6 Bf5 7. Bxf7+ Kd7 8.
d3 Bxd6 9. c3 Qe7 10. cxd4 exd4+ 11. Qe2 h6 12. Qxe7+ Kxe7 13. Nf3 Kxf7 14.
Nxd4 Bxd3 15. Nc3 Rhe8+ 16. Be3 Ne4 17. Nxe4 Bxe4 18. O-O Rad8 19. Nb5 Be5 20.
Rac1 Bd3 21. Nxc7 Re7 22. Bxa7 Bxf1 23. Kxf1 Rxc7 {nitmo resigns} 0-1

[Event "ICS rated blitz match"]
[Site "204.178.125.65"]
[Date "2000.10.11"]
[Round "?"]
[White "Hossa"]
[Black "soulcaliber"]
[Result "1-0"]
[WhiteElo "2569"]
[BlackElo "2005"]
[PlyCount "51"]
[EventDate "2000.??.??"]

1. e4 e6 2. d4 d5 3. Nc3 Nf6 4. Bd3 c5 5. exd5 cxd4 6. Bb5+ Bd7 7. Qxd4 Nxd5 8.
Bxd7+ Qxd7 9. Nxd5 exd5 10. Nf3 Nc6 11. Qd3 Be7 12. O-O O-O 13. Rd1 Rad8 14.
Ng5 g6 15. Nf3 Bf6 16. c3 Rfe8 17. Bh6 d4 18. Be3 dxe3 19. Qxd7 e2 20. Rd2 Rxd7
21. Rxd7 b5 22. Re1 b4 23. Rd6 bxc3 24. Rxf6 cxb2 25. Rxc6 Rb8 26. Nd2 {
soulcaliber resigns} 1-0

[Event "ICS rated blitz match"]
[Site "204.178.125.65"]
[Date "2000.10.11"]
[Round "?"]
[White "Hossa"]
[Black "sanfranrich"]
[Result "1-0"]
[WhiteElo "2570"]
[BlackElo "1949"]
[PlyCount "55"]
[EventDate "2000.??.??"]

1. e4 c5 2. Nf3 Nc6 3. Bb5 g6 4. O-O Bg7 5. Bxc6 bxc6 6. e5 d6 7. exd6 exd6 8.
Re1+ Ne7 9. d4 cxd4 10. Bg5 f6 11. Nxd4 O-O 12. Bf4 c5 13. Nb5 d5 14. Bd6 Nf5
15. Qxd5+ Kh8 16. Qxa8 Nxd6 17. Nxd6 Qxd6 18. Qxa7 f5 19. Nc3 Bd4 20. Re7 Qf4
21. Rxh7+ Kg8 22. Nd1 Ba6 23. c3 Qe4 24. Ne3 Bb7 25. Rxb7 Bxe3 26. Rg7+ Kh8 27.
Rh7+ Kg8 28. Qg7# {sanfranrich checkmated} 1-0

[Event "ICS rated blitz match"]
[Site "204.178.125.65"]
[Date "2000.10.11"]
[Round "?"]
[White "SwampBaby"]
[Black "Hossa"]
[Result "0-1"]
[WhiteElo "2108"]
[BlackElo "2575"]
[PlyCount "46"]
[EventDate "2000.??.??"]

1. g3 d5 2. b3 e5 3. Bg2 Nc6 4. Bb2 Nf6 5. d3 Bc5 6. e3 O-O 7. a3 d4 8. e4 a5
9. Nd2 a4 10. b4 Bd6 11. Ne2 b5 12. c3 dxc3 13. Bxc3 Be6 14. Rc1 Qd7 15. O-O
Bh3 16. Bb2 Bxg2 17. Kxg2 Rfd8 18. Qc2 Ra6 19. f4 Bxb4 20. axb4 Nxb4 21. Qc3
Nxd3 22. fxe5 Ng4 23. e6 fxe6 {SwampBaby resigns} 0-1

[Event "ICS rated blitz match"]
[Site "204.178.125.65"]
[Date "2000.10.11"]
[Round "?"]
[White "Hossa"]
[Black "F22Storm"]
[Result "0-1"]
[WhiteElo "2577"]
[BlackElo "2642"]
[PlyCount "120"]
[EventDate "2000.??.??"]

1. e4 e5 2. Nf3 Nc6 3. Bb5 a6 4. Bxc6 dxc6 5. d4 exd4 6. Qxd4 Qxd4 7. Nxd4 Bd7
8. Nc3 O-O-O 9. Be3 Bb4 10. f3 Bxc3+ 11. bxc3 c5 12. Ne2 b6 13. O-O-O Ne7 14.
Kb2 Ng6 15. c4 Ne5 16. Kc3 Be6 17. Bg5 f6 18. Bd2 Bxc4 19. Nc1 Bb5 20. Nb3 Be2
21. Rde1 Bc4 22. f4 Bxb3 23. axb3 Nc6 24. e5 Nd4 25. Be3 Nb5+ 26. Kb2 Rhe8 27.
Bf2 fxe5 28. Rxe5 Rxe5 29. fxe5 Rd2 30. Rf1 Kd7 31. g4 Ke6 32. Bg3 Nd4 33. Rc1
Nf3 34. Kc3 Rg2 35. Kd3 Nxh2 36. Bxh2 Rxh2 37. Re1 c4+ 38. Kxc4 Rxc2+ 39. Kd4
Rc5 40. Re3 Rd5+ 41. Ke4 Rxe5+ 42. Kf4 g5+ 43. Kf3 Rxe3+ 44. Kxe3 Ke5 45. b4 a5
46. bxa5 bxa5 47. Ke2 Kf4 48. Kd3 Kxg4 49. Kc4 Kf3 50. Kb5 g4 51. Kc5 g3 52.
Kc6 a4 53. Kd7 a3 54. Ke7 g2 55. Ke6 g1=Q 56. Kd5 a2 57. Kc6 a1=Q 58. Kd7 Qag7+
59. Ke6 Qb6+ 60. Kd5 Qgd4# {Hossa checkmated} 0-1

[Event "ICS rated blitz match"]
[Site "204.178.125.65"]
[Date "2000.10.11"]
[Round "?"]
[White "counterplay"]
[Black "Hossa"]
[Result "1-0"]
[WhiteElo "2849"]
[BlackElo "2564"]
[PlyCount "81"]
[EventDate "2000.??.??"]

1. d4 d5 2. c4 e6 3. Nf3 Nf6 4. Nc3 Nc6 5. Bg5 dxc4 6. e4 h6 7. Bxf6 Qxf6 8.
Bxc4 Bd7 9. O-O O-O-O 10. e5 Qf4 11. Ne2 Qg4 12. Rc1 Nb4 13. a3 Bc6 14. h3 Qf5
15. axb4 Bxf3 16. gxf3 Qg5+ 17. Ng3 Bxb4 18. Qa4 a5 19. Qc2 Kb8 20. Rcd1 Qh4
21. d5 exd5 22. Bxd5 Qxh3 23. Bxf7 Rdf8 24. Qg6 Qh4 25. Qxg7 Qh3 26. Rd3 Bc5
27. Ne4 Be7 28. Rc1 c6 29. e6 Qf5 30. Rd7 Qf4 31. Rc4 Bb4 32. e7 Qxf7 33.
exf8=Q+ Rxf8 34. Rxf7 Rxf7 35. Qxf7 Ka7 36. Qc7 Ka6 37. Rxb4 axb4 38. Nd6 b3
39. Qxb7+ Ka5 40. Qa7+ Kb4 41. Qa3# {Hossa checkmated} 1-0

[Event "ICS rated blitz match"]
[Site "204.178.125.65"]
[Date "2000.10.11"]
[Round "?"]
[White "Hossa"]
[Black "counterplay"]
[Result "0-1"]
[WhiteElo "2559"]
[BlackElo "2854"]
[PlyCount "86"]
[EventDate "2000.??.??"]

1. e4 e5 2. Nf3 Nc6 3. Bc4 Nf6 4. Ng5 d5 5. exd5 Na5 6. Bb5+ c6 7. dxc6 bxc6 8.
Be2 h6 9. Nf3 e4 10. Ne5 Bd6 11. d4 exd3 12. Nxd3 Qc7 13. b3 O-O 14. Bb2 Re8
15. h3 Qe7 16. Nd2 Nd5 17. a3 Nf4 18. Nxf4 Bxf4 19. Kf1 Bf5 20. Bg4 Bxg4 21.
Qxg4 g5 22. Bc3 Rad8 23. Nb1 Be5 24. Bb4 Qf6 25. Ra2 Bg3 26. c4 Qf4 27. Be1
Rxe1+ 28. Kxe1 Qc1+ 29. Ke2 Qxh1 30. Nc3 Nxb3 31. fxg3 Qxg2+ 32. Ke3 Re8+ 33.
Ne4 Qxa2 34. Kd3 Qb1+ 35. Kc3 Qc1+ 36. Kd3 Nc5+ 37. Kd4 Qg1+ 38. Kc3 Nxe4+ 39.
Qxe4 Rxe4 40. a4 Qe1+ 41. Kc2 Re2+ 42. Kb3 c5 43. a5 Qb4# {Hossa checkmated}
0-1

[Event "ICS rated standard match"]
[Site "204.178.125.65"]
[Date "2000.10.11"]
[Round "?"]
[White "Hossa"]
[Black "BrazilianMaster"]
[Result "0-1"]
[WhiteElo "2433"]
[BlackElo "2602"]
[PlyCount "120"]
[EventDate "2000.??.??"]

1. d4 Nf6 2. c4 g6 3. Nc3 Bg7 4. e4 d6 5. Be2 O-O 6. Nf3 e5 7. O-O Nbd7 8. dxe5
Nxe5 9. Nxe5 dxe5 10. Bg5 Qxd1 11. Raxd1 Be6 12. f4 exf4 13. Bxf4 Ne8 14. Na4
b6 15. b3 c6 16. Bf3 Rc8 17. Rf2 Nf6 18. c5 Ng4 19. Rfd2 b5 20. Nb2 Ne5 21. Be2
f5 22. exf5 Bxf5 23. Rf1 Nd7 24. Rc1 Rce8 25. Nd1 Nf6 26. Nc3 b4 27. Na4 Nd5
28. Bc4 Be6 29. Bxd5 Bxd5 30. Rf1 Re4 31. g3 Bd4+ 32. Rxd4 Rxd4 33. Nb2 Re8 34.
Bh6 a5 35. h3 Bf7 36. Rf6 Rd5 37. Rxc6 Rde5 38. Nd3 Re2 39. Nc1 Rc2 40. Rf6 Bd5
41. Nd3 Rxa2 42. Rd6 Bxb3 43. Rd7 Bc4 44. Nf2 b3 45. Rg7+ Kh8 46. Rd7 b2 47.
Bg7+ Kg8 48. Bxb2 Rxb2 49. Rd4 Bb5 50. Ne4 Kf8 51. g4 a4 52. Nd2 a3 53. Rf4+
Kg7 54. Ne4 a2 55. Nf2 a1=Q+ 56. Kg2 Re3 57. Rf3 Qf1+ 58. Kg3 Qxf2+ 59. Kf4
Qxf3+ 60. Kg5 Qf6# {Hossa checkmated} 0-1

[Event "ICS rated standard match"]
[Site "204.178.125.65"]
[Date "2000.10.11"]
[Round "?"]
[White "BrazilianMaster"]
[Black "Hossa"]
[Result "1/2-1/2"]
[WhiteElo "2611"]
[BlackElo "2424"]
[PlyCount "156"]
[EventDate "2000.??.??"]

1. d4 d5 2. c4 e6 3. Nc3 Nf6 4. Nf3 Be7 5. Qc2 Nc6 6. cxd5 exd5 7. Bg5 O-O 8.
e3 h6 9. Bxf6 Bxf6 10. Qb3 Ne7 11. Bd3 Kh8 12. Rc1 c6 13. O-O Rb8 14. Qa3 Ra8
15. e4 g6 16. exd5 cxd5 17. Rfe1 a6 18. Qb3 b6 19. Ne5 Bg5 20. Rc2 Bf6 21. Rce2
Be6 22. Nxg6+ Nxg6 23. Bxg6 Bxd4 24. Bh5 Rc8 25. Nd1 Bc5 26. Qd3 d4 27. a3 a5
28. Bf3 Qf6 29. h3 Rg8 30. Bb7 Rc7 31. Be4 a4 32. Rc2 Qh4 33. Bh7 Rg5 34. Kf1
Qf4 35. g4 h5 36. Re4 Qh2 37. f4 Qh1+ 38. Kf2 Rg7 39. Re1 Qh2+ 40. Kf1 Qxf4+
41. Rf2 Qh6 42. Bf5 hxg4 43. Bxg4 Bxg4 44. Re8+ Rg8 45. Rxg8+ Kxg8 46. Rg2 f5
47. hxg4 Rg7 48. Qc4+ Kf8 49. Nf2 fxg4 50. Qxa4 Qc1+ 51. Qd1 Qxb2 52. Nxg4 Rf7+
53. Rf2 Qxa3 54. Rxf7+ Kxf7 55. Ne5+ Ke6 56. Nd3 Kd6 57. Qe2 Qa1+ 58. Kf2 Kc7
59. Nxc5 bxc5 60. Qe5+ Kb6 61. Qb8+ Kc6 62. Qe8+ Kd6 63. Qd8+ Ke6 64. Qe8+ Kf6
65. Qh8+ Kg6 66. Qe8+ Kf5 67. Qh5+ Kf6 68. Qh8+ Ke7 69. Qe5+ Kd7 70. Qd5+ Kc8
71. Qc6+ Kd8 72. Qd5+ Ke8 73. Qe6+ Kf8 74. Qf6+ Kg8 75. Qg6+ Kh8 76. Qh6+ Kg8
77. Qg6+ Kh8 78. Qh6+ Kg8 {Game drawn by mutual agreement} 1/2-1/2

[Event "ICS rated standard match"]
[Site "204.178.125.65"]
[Date "2000.10.11"]
[Round "?"]
[White "Hossa"]
[Black "BrazilianMaster"]
[Result "0-1"]
[WhiteElo "2432"]
[BlackElo "2603"]
[PlyCount "64"]
[EventDate "2000.??.??"]

1. d4 Nf6 2. Nf3 e6 3. c4 d5 4. Nc3 c6 5. e3 Nbd7 6. c5 Be7 7. b4 b6 8. Bd3
bxc5 9. bxc5 e5 10. Nxe5 Nxe5 11. dxe5 Nd7 12. e6 fxe6 13. Qc2 e5 14. Bxh7 e4
15. Nxe4 dxe4 16. Qxe4 Kf8 17. Qxc6 Rb8 18. Bc2 Nxc5 19. O-O Bd6 20. Qf3+ Kg8
21. g3 Bb7 22. e4 Qe7 23. Re1 Rf8 24. Qd1 Ne6 25. h4 Bb4 26. Bd2 Qf7 27. Bxb4
Qxf2+ 28. Kh1 Qxg3 29. Be7 Rf2 30. Qd8+ Kf7 31. Qf8+ Rxf8 32. Bxf8 Qh2# {
Hossa checkmated} 0-1

[Event "ICS rated blitz match"]
[Site "204.178.125.65"]
[Date "2000.10.11"]
[Round "?"]
[White "Interceptor"]
[Black "Hossa"]
[Result "1-0"]
[WhiteElo "2692"]
[BlackElo "2554"]
[PlyCount "85"]
[EventDate "2000.??.??"]

1. Nf3 Nf6 2. g3 d5 3. Bg2 c6 4. d4 e6 5. c4 dxc4 6. Ne5 Bb4+ 7. Bd2 Qxd4 8.
Bxb4 Qxe5 9. Na3 Qxb2 10. Rb1 Qxb1 11. Qxb1 a5 12. Bc3 O-O 13. Nxc4 b5 14. Nxa5
Nd5 15. Bd2 Ra7 16. O-O Re8 17. Rc1 Bd7 18. e4 Ne7 19. e5 Ng6 20. Qb4 Rc8 21.
Be3 Ra8 22. f4 f6 23. exf6 gxf6 24. Qc3 e5 25. fxe5 fxe5 26. Rf1 Be6 27. a3 Ra6
28. Rf6 Bf7 29. Bh6 Rd8 30. Nxc6 Nxc6 31. Rxc6 Rxc6 32. Qxc6 Nf8 33. Qf6 Rd1+
34. Kf2 Ne6 35. Bh3 Rd2+ 36. Bxd2 Nc5 37. Bf5 Kf8 38. Bh6+ Ke8 39. Qh8+ Ke7 40.
Bf8+ Kd8 41. Bxc5+ Be8 42. Qf6+ Kc7 43. Qb6# {Hossa checkmated} 1-0

[Event "ICS Rated blitz match"]
[Site "204.178.125.65"]
[Date "2000.10.11"]
[Round "?"]
[White "Hossa"]
[Black "Interceptor"]
[Result "1-0"]
[WhiteElo "2544"]
[BlackElo "2702"]
[PlyCount "71"]
[EventDate "2000.??.??"]

1. e4 e6 2. d4 d5 3. Nc3 Bb4 4. Nge2 dxe4 5. a3 Bxc3+ 6. Nxc3 Nc6 7. Bb5 Nge7
8. Bg5 f6 9. Be3 f5 10. Qh5+ Kf8 11. Rd1 Bd7 12. O-O Nd5 13. Nxd5 exd5 14. Be2
Qf6 15. Bg5 Qg6 16. Qxg6 hxg6 17. Bf4 Rc8 18. h3 Kf7 19. c4 Ne7 20. b3 Bc6 21.
Bg5 dxc4 22. bxc4 Ba4 23. Rd2 Rce8 24. d5 b6 25. Rb2 Bd7 26. Rc1 Rd8 27. c5 Rb8
28. cxb6 Rxb6 29. Rxb6 cxb6 30. Rc7 Ke8 31. d6 Nd5 32. Rxa7 Rh5 33. Bc4 Rxg5
34. Bxd5 Ba4 35. Be6 Bc6 36. Rc7 {Interceptor resigns} 1-0

[Event "ICS rated blitz match"]
[Site "204.178.125.65"]
[Date "2000.10.11"]
[Round "?"]
[White "Interceptor"]
[Black "Hossa"]
[Result "1-0"]
[WhiteElo "2679"]
[BlackElo "2567"]
[PlyCount "63"]
[EventDate "2000.??.??"]

1. d4 Nf6 2. Bg5 e6 3. e4 h6 4. Bxf6 Qxf6 5. Nf3 d6 6. Nbd2 Nc6 7. c3 Bd7 8.
Qb3 O-O-O 9. Bd3 Qg6 10. O-O Re8 11. a4 Kb8 12. a5 Be7 13. a6 Nd8 14. axb7 Nxb7
15. Nc4 Bc6 16. Nfe5 dxe5 17. Nxe5 Bxe4 18. Nxg6 Bxd3 19. Nxh8 Rxh8 20. Rfd1
Be4 21. f3 Bf5 22. Ra6 c6 23. Rda1 Kc7 24. Rxa7 Rb8 25. R1a6 Bd6 26. Qb6+ Kc8
27. Qxc6+ Kd8 28. Rxb7 Bxh2+ 29. Kxh2 Rxb7 30. Qd6+ Kc8 31. Ra8+ Rb8 32. Rxb8#
{Hossa checkmated} 1-0

[Event "ICS rated blitz match"]
[Site "204.178.125.65"]
[Date "2000.10.11"]
[Round "?"]
[White "Hossa"]
[Black "Interceptor"]
[Result "1/2-1/2"]
[WhiteElo "2556"]
[BlackElo "2690"]
[PlyCount "159"]
[EventDate "2000.??.??"]

1. e4 c6 2. d4 d5 3. Nc3 dxe4 4. Nxe4 Bf5 5. Ng3 Bg6 6. Bc4 Nd7 7. Nf3 Ngf6 8.
Nh4 e6 9. Nxg6 hxg6 10. c3 Bd6 11. Bd3 Qa5 12. b4 Qd5 13. O-O a5 14. bxa5 Rxa5
15. a4 Nb6 16. Be2 Bc7 17. Qc2 O-O 18. Bd2 Nc4 19. Bc1 Rfa8 20. Rb1 Nb6 21. c4
Qxd4 22. Be3 Qd8 23. Bxb6 Bxb6 24. Rfd1 Qc7 25. Qb3 Bc5 26. Qxb7 R5a7 27. Qxc7
Rxc7 28. Ra1 Rca7 29. Bf3 Rxa4 30. Rxa4 Rxa4 31. Rc1 Ra2 32. Nh1 Ba3 33. Rd1
Rc2 34. Bxc6 Rxc4 35. Bf3 Bc5 36. Ng3 Rc2 37. Rf1 e5 38. Ne4 Nxe4 39. Bxe4 Rd2
40. g4 g5 41. Kg2 g6 42. Kf3 Kg7 43. Kg3 Kf6 44. Bc6 Ke6 45. Bb5 e4 46. Be8 Rb2
47. Ba4 f5 48. Be8 Bd6+ 49. Kg2 e3 50. Kf3 e2 51. Re1 fxg4+ 52. Ke3 Bf4+ 53.
Kd3 Ke7 54. Bxg6 Kf6 55. Bh5 Kf5 56. Rxe2 Rb3+ 57. Kc4 Rh3 58. Be8 Rh7 59. Kd5
Ra7 60. Bb5 Bxh2 61. Re3 Ra5 62. Kc4 Ra2 63. Kd3 g3 64. fxg3 Bxg3 65. Bd7+ Kf6
66. Re6+ Kg7 67. Bc6 Ra5 68. Be4 Bf4 69. Kc4 Ra1 70. Rg6+ Kf7 71. Kd5 Rd1+ 72.
Kc4 Re1 73. Bd3 Re8 74. Kd5 Rd8+ 75. Kc4 Ra8 76. Kd4 Rb8 77. Kc4 Rd8 78. Bb1
Be3 79. Bf5 Rd1 80. Re6 {Game drawn by mutual agreement} 1/2-1/2

[Event "ICS rated blitz match"]
[Site "204.178.125.65"]
[Date "2000.10.11"]
[Round "?"]
[White "RebelTiger"]
[Black "Hossa"]
[Result "1-0"]
[WhiteElo "2868"]
[BlackElo "2562"]
[PlyCount "77"]
[EventDate "2000.??.??"]

1. d4 d5 2. c4 dxc4 3. e4 Nf6 4. e5 Nd5 5. Bxc4 Nb6 6. Bb3 Nc6 7. Ne2 e6 8.
Nbc3 Be7 9. O-O O-O 10. Be3 Bh4 11. Ng3 Bd7 12. Qg4 Kh8 13. Nge4 Na5 14. Bc2
Nc6 15. Qh5 g6 16. Qh6 Qe7 17. Ng5 Bxg5 18. Bxg5 f6 19. exf6 Qf7 20. Rad1 Rfe8
21. Ne4 Nb4 22. Bb1 Bb5 23. Bd2 Bxf1 24. Ng5 Qg8 25. Bxb4 Nd5 26. f7 Qg7 27.
f8=Q+ Rxf8 28. Bxf8 Qxh6 29. Bxh6 Bb5 30. Nxe6 Re8 31. Be4 Rxe6 32. Bxd5 Re2
33. Bg5 Kg7 34. Bxb7 Rxb2 35. Rc1 Bc4 36. Be4 Bf7 37. Rxc7 a6 38. a3 Rb5 39. d5
{Hossa resigns} 1-0